L'evangelo della comunità primitiva... (Record no. 244264)
[ view plain ]
| 000 -CABECERA | |
|---|---|
| Campo de control de longitud fija | 00430nam a22001577u 4500 |
| 008 - CÓDIGOS DE INFORMACIÓN DE LONGITUD FIJA | |
| Campo de control de longitud fija | 130405s1984 xxu||||| |||| 00| 0 ita d |
| 041 ## - CÓDIGO DE LENGUA | |
| Código de lengua del texto/banda sonora o título independiente | ita |
| 001 - NÚMERO DE CONTROL | |
| Campo de control | 31566 |
| 100 1# - PUNTO DE ACCESO PRINCIPAL-NOMBRE DE PERSONA | |
| Nombre de persona | Pesch, Rudolf |
| 9 (RLIN) | 12068 |
| 245 00 - MENCIÓN DE TÍTULO | |
| Título | L'evangelo della comunità primitiva... |
| Mención de responsabilidad, etc. | Rudolf Pesch |
| 260 ## - PUBLICACIÓN, DISTRIBUCIÓN, ETC... (PIE DE IMPRENTA) | |
| Lugar de publicación, distribución, etc. | Brescia: |
| Nombre del editor, distribuidor, etc. | Paideia, |
| Fecha de publicación, distribución, etc. | 1984 |
| 300 ## - DESCRIPCIÓN FÍSICA | |
| Extensión | 218 p. |
| Dimensiones | ;20 cm. |
| 490 0# - MENCIÓN DE SERIE | |
| Mención de serie | Studi Biblici |
| Designación de volumen o secuencia | 68 |
| 630 04 - PUNTO DE ACCESO ADICIONAL DE MATERIA-TÍTULO UNIFORME | |
| Título uniforme | Biblia |
| Nombre de parte o sección de la obra | N.T. |
| -- | Evangelios |
| 9 (RLIN) | 13405 |
| 942 ## - ENTRADA DE ELEMENTOS AGREGADOS (KOHA) | |
| Koha [por defecto] tipo de item | Libros |
| Suprimido | Perdido | Estropeado | No para préstamo | Localización permanente | Localización actual | Localización en estantería | Fecha adquisición | Préstamos totales | Signatura completa | Número de Registro / Código de Barras | Fecha última consulta | Fecha último préstamo | Fecha del precio de reemplazo | Tipo de item de Koha |
|---|---|---|---|---|---|---|---|---|---|---|---|---|---|---|
| San Esteban | San Esteban | Depósito de libros | 21/05/2013 | 1 | 226 Mc PESCH comun | 31566 | 16/05/2017 | 15/02/2017 | 21/05/2013 | Libros |
